Normale Ansicht MARC-Ansicht ISBD

Lodz : (Titelsatznr. 61635)

[ MARC ]
MARC-Details
000 -Satzkennung
Kontrollfeld mit fester Länge 02713nam a22003493i 4500
001 - Kontrollnummer
Kontrollfeld EBC30158404
003 - Kontrollnummer Identifier
Kontrollfeld MiAaPQ
005 - Datum und Zeit der letzten Transaktion
Kontrollfeld 20240323213545.0
007 - Feld mit fester Länge zur physischen Beschreibung - Allgemeine Information
Kontrollfeld mit fester Länge cr cnu||||||||
008 - Feld mit fester Länge zur physischen Beschreibung - Allgemeine Angaben
Kontrollfeld mit fester Länge 230206s2022 xx o ||||0 ger d
020 ## - Internationale Standardbuchnummer
Internationale Standardbuchnummer 9783657793808
Nähere Angaben (electronic bk.)
020 ## - Internationale Standardbuchnummer
Gelöschte/ungültige ISBN 9783506793805
040 ## - Katalogisierungsquelle
Original-Katalogisierungsstelle MiAaPQ
Katalogisierungssprache eng
Übertragungsstelle MiAaPQ
100 1# - Haupteintragung - Personenname
Personenname Bömelburg, Hans-Jürgen.
Koha-Normdatenidentnummer 2492
Funktionsbezeichnungscode aut
Funktionsbezeichnung contributor
245 10 - Titel
Titel Lodz :
Zusatz zum Titel Geschichte einer multikulturellen Industriestadt im 20. Jahrhundert
Verfasserangabe etc. Hans-Jürgen Bömelburg
250 ## - Ausgabebezeichnung
Ausgabebezeichnung 1st ed.
264 #1 - Produktion, Veröffentlichung, Distribution, Herstellung und Urheberrechtsvermerk
Herstellungs-, Veröffentlichungs- Vertriebs-, Erzeugungsort Piraí :
Produzent, Herausgeber, Distributor, Hersteller BRILL,
Datum der Herstellung, der Veröffentlichung, des Vertriebs oder des Urheberschutzvermerks 2022.
264 #4 - Produktion, Veröffentlichung, Distribution, Herstellung und Urheberrechtsvermerk
Datum der Herstellung, der Veröffentlichung, des Vertriebs oder des Urheberschutzvermerks {copy}2022.
300 ## - Physische Beschreibung
Umfang 1 online resource (508 pages)
336 ## - Inhaltstyp
Inhaltstypterm Text
Inhaltstypcode txt
Quelle rdacontent
337 ## - Medientyp
Bezeichnung des Medientyps Computermedien
Medientypcode c
Quelle rdamedia
338 ## - Datenträgertyp
Datenträgertypbezeichnung Online Resource
Datenträgertypcode cr
Quelle rdacarrier
500 ## - Allgemeine Fußnote
Allgemeine Fußnote E-Book-ProQuest / Fernzugriff nach Registrierung möglich
505 0# - Fußnote zu strukturierten Inhaltsangaben
Fußnote zu strukturierten Inhaltsangaben Intro -- Inhalt -- Kapitel 1. Warum Lodz? -- Kapitel 2. Die Entstehung einer Textilmetropole -- Kapitel 3. Lodz im russländischen Imperium um 1900: Multikulturalität einer Migrationsgesellschaft -- Kapitel 4. „Lodzermenschen" in der „Bösen Stadt" -- Kapitel 5. Lodz im polnischen Staat 1914/1918-1939: Bürgergesellschaft und Integration -- Kapitel 6. Lodzer Gesellschaft 1918/20-1939: Soziale und ethnische Radikalisierung -- Kapitel 7. Lodz im Krieg 1939: Berichte von Verfolgung und Verrat -- Kapitel 8. Lodz wird Litzmannstadt: Eskalation und Rassenpolitik -- Kapitel 9. Deutsche in Litzmannstadt: Reichsdeutsche, Volksdeutsche, Deutsche? -- Kapitel 10. Polen im besetzten Lodz: Überlebensstrategien und Widerstand -- Kapitel 11. Juden im Getto Litzmannstadt: Ausgrenzung, Verfolgung, Ermordung -- Kapitel 12. Lodz nach Kriegsende: Keine „Stunde null" für Polen, Deutsche und Juden -- Kapitel 13. Das rote Lodz: Heimliche Hauptstadt Polens in Propaganda und Strukturwandel -- Kapitel 14. Volkspolnische Provinz: Die Textilstadt Lodz 1956-1989 -- Kapitel 15. Lodz nach 1989: Zusammenbruch und Metamorphose einer Stadt -- Kapitel 16. Lodz als Erinnerungsort: Die polnische, deutsche und jüdische Erinnerung an Lodz nach 1945 -- Nachwort und Dank -- Stadtplan von Lodz 1913 -- Stadtplan von Litzmannstadt 1942 -- Abkürzungen -- Quellen- und Literaturverzeichnis -- Abbildungsverzeichnis -- Orts- und Namensregister -- Personenregister.
648 ## - Nebeneintragung unter einem Schlagwort - Zeitschlagwort
Zeitschlagwort 1900-2000
Koha-Normdatenidentnummer 2480
651 #4 - Nebeneintragung unter einem Schlagwort - Geografischer Name
Geografischer Name Łódź
Koha-Normdatenidentnummer 5472
655 #4 - Indexierungsterm - Genre/Form
Genre/Form oder fokussierter Term
655 ## - Indexierungsterm - Genre/Form
Genre/Form oder fokussierter Term Fernzugriff
Koha-Normdatenidentnummer 230
776 08 - Andere physische Form
Verweisungsphrase Print version:
Haupteintragung Bömelburg, Hans-Jürgen
Titel Lodz
Ort, Verlag und Erscheinungsjahr Piraí : BRILL,c2022
Internationale Standardbuchnummer 9783506793805
856 40 - Elektronische Adresse und Zugriff
URL <a href="https://ebookcentral.proquest.com/lib/maxweberstiftung-ebooks/detail.action?docID=30158404">https://ebookcentral.proquest.com/lib/maxweberstiftung-ebooks/detail.action?docID=30158404</a>
OPAC-Notiz Volltext
942 ## - Zusätzliche Felder (Koha)
Koha-Medientyp E-Books
Klassifikation oder Aufstellungssystematik Andere/Generische Klassifikation
Exemplare
Ausgeschieden Verloren Klassifikation oder Aufstellungssystematik Beschädigt Nicht entleihbar Heimatbibliothek Aufenthaltsbibliothek Aufstellungsort Erwerbungsdatum Inventarnummer Signatur Barcode Letzte Aktivität Preis gültig von Koha-Medientyp
    Andere/Generische Klassifikation     MWN Osteuropa MWN Osteuropa Online-Ressource 06/02/2023 23-e00166 E-23-e00166 64043 06/02/2023 06/02/2023 E-Books